<?xml version="1.0" encoding="UTF-8"?>
<record
    xmlns:xsi="http://www.w3.org/2001/XMLSchema-instance"
    xsi:schemaLocation="http://www.loc.gov/MARC21/slim http://www.loc.gov/standards/marcxml/schema/MARC21slim.xsd"
    xmlns="http://www.loc.gov/MARC21/slim">

  <leader>01150njm a22002777a 4500</leader>
  <controlfield tag="005">20100913112635.0</controlfield>
  <controlfield tag="007">sd ammalaaahaa</controlfield>
  <controlfield tag="008">100830t        xxu||||| |||| 00| 0 eng d</controlfield>
  <datafield tag="028" ind1=" " ind2=" ">
    <subfield code="a">TAE.1355</subfield>
    <subfield code="b">Angel Records</subfield>
  </datafield>
  <datafield tag="035" ind1=" " ind2=" ">
    <subfield code="a">GR-02050</subfield>
  </datafield>
  <datafield tag="040" ind1=" " ind2=" ">
    <subfield code="a">SED</subfield>
    <subfield code="c">SED</subfield>
  </datafield>
  <datafield tag="100" ind1=" " ind2=" ">
    <subfield code="a">Hemant Kumar</subfield>
    <subfield code="9">19323</subfield>
  </datafield>
  <datafield tag="245" ind1=" " ind2=" ">
    <subfield code="a">Shart /</subfield>
    <subfield code="c">sung by Hemant Kumar, Lata Mangeshkar &amp; Geeta Dutt</subfield>
    <subfield code="h">[sound recording]:</subfield>
    <subfield code="b">Hindustani</subfield>
  </datafield>
  <datafield tag="246" ind1=" " ind2=" ">
    <subfield code="a">&#x936;&#x930;&#x94D;&#x924; (&#x939;&#x947;&#x92E;&#x902;&#x924; &#x915;&#x941;&#x92E;&#x93E;&#x930;, &#x932;&#x924;&#x93E; &#x92E;&#x902;&#x917;&#x947;&#x936;&#x915;&#x930; &amp; &#x917;&#x940;&#x924;&#x93E; &#x926;&#x924;&#x94D;&#x924;)</subfield>
  </datafield>
  <datafield tag="260" ind1=" " ind2=" ">
    <subfield code="a">Dum Dum, India:</subfield>
    <subfield code="b">Angel Records</subfield>
    <subfield code="c">1967</subfield>
  </datafield>
  <datafield tag="300" ind1=" " ind2=" ">
    <subfield code="a">1 sound disc [GramphoneRecording]:</subfield>
    <subfield code="b">analog,45 rpm </subfield>
    <subfield code="c">7 in.(SP)</subfield>
    <subfield code="f">Gramphones Records</subfield>
  </datafield>
  <datafield tag="500" ind1=" " ind2=" ">
    <subfield code="a">Brief Record</subfield>
  </datafield>
  <datafield tag="500" ind1=" " ind2=" ">
    <subfield code="a">Angel records</subfield>
  </datafield>
  <datafield tag="500" ind1=" " ind2=" ">
    <subfield code="a">Purple</subfield>
  </datafield>
  <datafield tag="505" ind1=" " ind2=" ">
    <subfield code="a">Side 1 dekho wah chand (&#x926;&#x947;&#x916;&#x94B; &#x935;&#x939; &#x91A;&#x93E;&#x901;&#x926;), Side-2 Na yeh chand hoga (&#x928; &#x92F;&#x939; &#x91A;&#x93E;&#x901;&#x926; &#x939;&#x94B;&#x917;&#x93E;) </subfield>
  </datafield>
  <datafield tag="650" ind1=" " ind2=" ">
    <subfield code="x">Excerpts</subfield>
    <subfield code="z">India</subfield>
    <subfield code="9">17446</subfield>
    <subfield code="a">Motion picture music</subfield>
    <subfield code="v">Film song</subfield>
  </datafield>
  <datafield tag="700" ind1=" " ind2=" ">
    <subfield code="a">Mangeshkar, Lata</subfield>
    <subfield code="9">19399</subfield>
  </datafield>
  <datafield tag="700" ind1=" " ind2=" ">
    <subfield code="a">Dutt, Geeta</subfield>
    <subfield code="9">19400</subfield>
  </datafield>
  <datafield tag="942" ind1=" " ind2=" ">
    <subfield code="2">ddc</subfield>
    <subfield code="c">GR</subfield>
  </datafield>
  <datafield tag="999" ind1=" " ind2=" ">
    <subfield code="c">45309</subfield>
    <subfield code="d">45309</subfield>
  </datafield>
  <datafield tag="952" ind1=" " ind2=" ">
    <subfield code="0">0</subfield>
    <subfield code="1">0</subfield>
    <subfield code="2">ddc</subfield>
    <subfield code="4">0</subfield>
    <subfield code="7">1</subfield>
    <subfield code="a">L</subfield>
    <subfield code="b">L</subfield>
    <subfield code="d">2010-09-13</subfield>
    <subfield code="e">SED/VEN</subfield>
    <subfield code="l">0</subfield>
    <subfield code="p">GR-02050</subfield>
    <subfield code="r">2010-09-13 00:00:00</subfield>
    <subfield code="t">1</subfield>
    <subfield code="w">2010-09-13</subfield>
    <subfield code="y">GR</subfield>
  </datafield>
</record>
